| 000 | 00844nam a2200241 a 4500 | ||
|---|---|---|---|
| 001 | 13455 | ||
| 003 | BD-JhCC | ||
| 005 | 20231002134133.0 | ||
| 008 | 190617s2022 bg |||| ||a| 000 0 ben d | ||
| 020 | _a9789849641346 | ||
| 035 | _a(BD-JhCC)13455 | ||
| 040 |
_aBD-JhCC _dBD-JhCC |
||
| 041 | _abengali | ||
| 082 |
_a020 _bKHA 2022 |
||
| 100 | _a খাতুন, হাফিজা | ||
| 245 |
_aশতবর্ষী গ্রন্থাগার পরিচিতি / _cহাফিজা খাতুন,আশরাফুল আলম ছিদ্দিক। |
||
| 260 |
_aঢাকা: _bটাঙ্গন; _c২০২২. |
||
| 300 |
_a১২০ পৃ. : _c২০ সেমি. |
||
| 650 | _aLibrary Science | ||
| 650 | _aLibraries | ||
| 700 | _aছিদ্দিক,আশরাফুল আলম | ||
| 942 |
_2ddc _cBK _02 |
||
| 999 |
_c13455 _d13455 |
||